000 00360 a2200169 4500
001 185918
020 _a85-322-4243-X
040 _cMagnum
100 _aCarraro, Fernando
240 1 0 _aO catador de papel
_lpor
245 1 0 _aO catador de papel
300 _a31
362 0 _a1998
440 1 _aFTD
697 _aLITERATURA INFANTO-JUVENIL
942 _cBK
999 _c185918
_d185918